La tendencia actualizante en la persona como propiciadora de crecimiento en un grupo de jóvenes con conductas codependientes /
Gespeichert in:
| 1. Verfasser: | |
|---|---|
| Format: | Abschlussarbeit Buch |
| Sprache: | Spanisch |
| Schlagworte: | |
| Tags: |
Keine Tags, Fügen Sie das erste Tag hinzu!
|
MARC
| LEADER | 00000nam^a2200000^a^4500 | ||
|---|---|---|---|
| 001 | 000192395 | ||
| 005 | 20250521000000.0 | ||
| 009 | 20260310102603.466 | ||
| 037 | |a Acervo ITESO - Biblioteca | ||
| 041 | |a ESP | ||
| 090 | |a MDH. 58 | ||
| 100 | |a Flores Legorreta, María Viviana |e (autor) | ||
| 245 | 1 | 3 | |a La tendencia actualizante en la persona como propiciadora de crecimiento en un grupo de jóvenes con conductas codependientes / |c M.V. Flores Legorreta. |
| 264 | |a Guadalajara, México : |b edición de autor, |c 2006 | ||
| 300 | |a 1 disco compacto de computadora | ||
| 336 | |a datos para computadora |b cod |2 rdacontenido | ||
| 337 | |a computadora |b c |2 rdamedio | ||
| 338 | |a disco de computadora |b cd |2 rdasoporte | ||
| 502 | |a ITESO Tesis de Maestría en Desarrollo Humano | ||
| 649 | |a XX | ||
| 650 | |a Jóvenes - |x Condiciones Sociales y Culturales | ||
| 650 | |a Estudiantes - |x Condiciones Sociales y Culturales | ||
| 650 | |a Adicciones | ||
| 650 | |a Dependencia Psicológica | ||
| 650 | |a Trastornos de Conducta | ||
| 650 | |a Desarrollo Humano | ||
| 650 | |a Dinámica de Grupos - |x Tema Principal | ||
| 650 | |a Psicoterapia | ||
| 650 | |a Psicopatología | ||
| 650 | |a Psicología Clínica | ||
| 910 | |a Fondo General | ||
| 920 | |a Electrónicos - Tesis del ITESO en Disco | ||
| 905 | |a 202 | ||
| 901 | |a 0500136366 |b IT2 |c STS |u 20250521 | ||
| 902 | |a https://opac.biblio.iteso.mx/vufind/Record/000192395 | ||